Zákon o odpadoch : komentár /
Uložené v:
| Ďalší autori: | , |
|---|---|
| Médium: | Kniha |
| Jazyk: | Slovak |
| Vydané: |
Bratislava :
Wolters Kluwer SR s.r.o.,
2019.
|
| Vydanie: | Prvé vydanie |
| Edícia: | Komentáre Wolters Kluwer
|
| Témy: | |
| ISBN: |
9788057100768 |
| Fyzický popis: |
677 strán ; 22 cm. |
| Tagy: |
Pridať tag
Žiadne tagy, Buďte prvý kto otaguje tento záznam!
|
Titul je dostupný aj v ... 

MARC
| LEADER | 00000nam a2200000 4500 | ||
|---|---|---|---|
| 001 | 000621908 | ||
| 005 | 20191121135036.0 | ||
| 008 | 190827s2019 xo l g l 001 0dslo d | ||
| 020 | |a 9788057100768 |q (viazané) | ||
| 040 | |a SVKKK |b slo |c SVKKK |e rda | ||
| 041 | 0 | |a slo | |
| 043 | |a e-xo--- | ||
| 044 | |a xo |c SK | ||
| 072 | 7 | |a 349 |x Pracovné, sociálne, stavebné právo. Právo životného prostredia |2 konspekt | |
| 080 | |a 349.6 |2 2011 | ||
| 080 | |a 351.777.61 |2 2011 | ||
| 080 | |a (437.6) |2 2011 | ||
| 080 | |a (094.5) |2 2011 | ||
| 080 | |a (0.072) |2 2011 | ||
| 100 | 1 | |a Gašparíková, Božena, |d 1955- |4 cwt | |
| 245 | 1 | 0 | |a Zákon o odpadoch : |b komentár / |c Božena Gašparíková, Pavol Takáč. |
| 250 | |a Prvé vydanie | ||
| 264 | 1 | |a Bratislava : |b Wolters Kluwer SR s.r.o., |c 2019. | |
| 300 | |a 677 strán ; |c 22 cm. | ||
| 336 | |a text |b txt |2 rdacontent | ||
| 337 | |a bez média |b n |2 rdamedia | ||
| 338 | |a zväzok |b nc |2 rdacarrier | ||
| 490 | 1 | |a Komentáre Wolters Kluwer | |
| 500 | |a Právny stav publikácie je k 1.6.2019 | ||
| 500 | |a Obsahuje biografické údaje o autoroch | ||
| 500 | |a Obsahuje zoznam použitých skratiek | ||
| 504 | |a Obsahuje bibliografické odkazy a vecný register | ||
| 650 | 0 | 7 | |a právo životného prostredia |2 SVKKKPH |
| 650 | 0 | 7 | |a odpadové hospodárstvo |2 SVKKKPH |
| 650 | 0 | 7 | |a environmental law |2 SVKKKPHeng |
| 650 | 0 | 7 | |a waste management |2 SVKKKPHeng |
| 651 | 7 | |a Slovensko |2 SVKKKPH | |
| 651 | 7 | |a Slovakia |2 SVKKKPHeng | |
| 655 | 7 | |a zákony |2 SVKKKPH | |
| 655 | 7 | |a komentáre |2 SVKKKPH | |
| 655 | 7 | |a laws |2 SVKKKPHeng | |
| 655 | 7 | |a commentaries |2 SVKKKPHeng | |
| 700 | 1 | |a Takáč, Pavol |4 cwt | |
| 830 | 0 | |a Komentáre Wolters Kluwer | |
| 910 | |a svkkk | ||
| 919 | |a 978-80--571-0076-8 | ||
| 998 | |a BK | ||
| 090 | |g SCKHL |k Sklad Hlavná 10 prízemie |a IV.235850 |j 1099219 |i 2720672298 |s Absenčne | ||